Weil's einen Unterschied macht: zu den Potenzialen des konfessionellen Religionsunterrichts
| Main Author: | |
|---|---|
| Format: | Print Article |
| Language: | German |
| Check availability: | HBZ Gateway |
| Interlibrary Loan: | Interlibrary Loan for the Fachinformationsdienste (Specialized Information Services in Germany) |
| Published: |
2020
|
| In: |
Theologisch-praktische Quartalschrift
Year: 2020, Volume: 168, Issue: 4, Pages: 349-358 |
| Standardized Subjects / Keyword chains: | B
Confession
/ Religious instruction
/ Education (motif)
|
| RelBib Classification: | KDA Church denominations RF Christian education; catechetics ZF Education |
| Parallel Edition: | Electronic
|
MARC
| LEADER | 00000caa a2200000 c 4500 | ||
|---|---|---|---|
| 001 | 1736234315 | ||
| 003 | DE-627 | ||
| 005 | 20260223075601.0 | ||
| 007 | tu | ||
| 008 | 201022s2020 xx ||||| 00| ||ger c | ||
| 035 | |a (DE-627)1736234315 | ||
| 035 | |a (DE-599)KXP1736234315 | ||
| 040 | |a DE-627 |b ger |c DE-627 |e rda | ||
| 041 | |a ger | ||
| 084 | |a 1 |2 ssgn | ||
| 100 | 1 | |e VerfasserIn |0 (DE-588)124009832 |0 (DE-627)483341061 |0 (DE-576)181566834 |4 aut |a Zaborowski, Holger |d 1974- | |
| 109 | |a Zaborowski, Holger 1974- | ||
| 245 | 1 | 0 | |a Weil's einen Unterschied macht |b zu den Potenzialen des konfessionellen Religionsunterrichts |c Holger Zaborowski |
| 264 | 1 | |c 2020 | |
| 336 | |a Text |b txt |2 rdacontent | ||
| 337 | |a ohne Hilfsmittel zu benutzen |b n |2 rdamedia | ||
| 338 | |a Band |b nc |2 rdacarrier | ||
| 601 | |a Unterschied | ||
| 601 | |a Potenzial | ||
| 652 | |a KDA:RF:ZF | ||
| 689 | 0 | 0 | |d s |0 (DE-588)4032065-0 |0 (DE-627)104270624 |0 (DE-576)208995498 |2 gnd |a Konfession |
| 689 | 0 | 1 | |d s |0 (DE-588)4049422-6 |0 (DE-627)106187074 |0 (DE-576)209081996 |2 gnd |a Religionsunterricht |
| 689 | 0 | 2 | |d s |0 (DE-588)4006650-2 |0 (DE-627)106376810 |0 (DE-576)208866450 |2 gnd |a Bildung |
| 689 | 0 | |5 (DE-627) | |
| 773 | 0 | 8 | |i Enthalten in |t Theologisch-praktische Quartalschrift |d Regensburg : Pustet, 1848 |g 168(2020), 4, Seite 349-358 |w (DE-627)129497037 |w (DE-600)207496-5 |w (DE-576)014895854 |x 0040-5663 |7 nnas |
| 773 | 1 | 8 | |g volume:168 |g year:2020 |g number:4 |g pages:349-358 |
| 776 | 0 | 8 | |i Reproduziert als |a Zaborowski, Holger, 1974 - |t Weil's einen Unterschied macht |d 2020 |w (DE-627)1962101711 |k Electronic |
| 935 | |a DTH5 | ||
| 951 | |a AR | ||
| ELC | |b 1 | ||
| ITA | |a 1 | ||
| LOK | |0 000 xxxxxcx a22 zn 4500 | ||
| LOK | |0 001 3784412130 | ||
| LOK | |0 003 DE-627 | ||
| LOK | |0 004 1736234315 | ||
| LOK | |0 005 20201022111020 | ||
| LOK | |0 008 201022||||||||||||||||ger||||||| | ||
| LOK | |0 040 |a DE-21-35 |c DE-627 |d DE-21-35 | ||
| LOK | |0 852 |a DE-21-35 | ||
| LOK | |0 852 1 |c Zk 76-168 |m p |9 00 | ||
| LOK | |0 935 |a ixzs | ||
| LOK | |0 938 |k p | ||
| LOK | |0 939 |a 22-10-20 |b l01 | ||
| LOK | |0 000 xxxxxcx a22 zn 4500 | ||
| LOK | |0 001 3791041797 | ||
| LOK | |0 003 DE-627 | ||
| LOK | |0 004 1736234315 | ||
| LOK | |0 005 20240125171549 | ||
| LOK | |0 008 201102||||||||||||||||ger||||||| | ||
| LOK | |0 040 |a DE-Tue135 |c DE-627 |d DE-Tue135 | ||
| LOK | |0 092 |o n | ||
| LOK | |0 852 |a DE-Tue135 | ||
| LOK | |0 852 1 |9 00 | ||
| LOK | |0 935 |a ixzs | ||
| LOK | |0 936ln |0 1442049723 |a KDA | ||
| LOK | |0 936ln |0 1442053151 |a RF | ||
| LOK | |0 936ln |0 1442053712 |a ZF | ||
| LOK | |0 939 |a 02-11-20 |b l01 | ||
| ORI | |a TA-MARC-ixtheoa001.raw | ||
| REL | |a 1 | ||
| STA | 0 | 0 | |a Confession,Confessional affiliation,Affiliation,Profession of faith,Education (motif),Education,Learning,Culture,Education in literature,Religious instruction,Religious didactics,Religion teaching,Religion |
| STB | 0 | 0 | |a Confession,Appartenance religieuse,Appartenance religieuse,Enseignement de la religion,Éducation (motif),Éducation,Culture,Culture |
| STC | 0 | 0 | |a Confesión,Denominación,Denominación,Educación,Enseñanza religiosa |
| STD | 0 | 0 | |a Confessione,Insegnamento della religione,Lezione di religione,Religione (materia),Lezione di religione,Religione,Istruzione |
| STE | 0 | 0 | |a 信仰告白,认信,信条,宗教课程,宗教课,宗教教学,教育,修养 |
| STF | 0 | 0 | |a 信仰告白,認信,信條,宗教課程,宗教課,宗教教學,教育,修養 |
| STG | 0 | 0 | |a Confissão,Denominação,Denominação,Educação,Ensino religioso |
| STH | 0 | 0 | |a Конфессия,Образование,Преподавание религии |
| STI | 0 | 0 | |a Εκπαίδευση,Παιδεία,Θρήσκευμα,Θρησκευτικά (μάθημα) |
| SUB | |a REL | ||
| SYG | 0 | 0 | |a Bekenntnis,Konfessionszugehörigkeit , Glaubensunterweisung,Religionsdidaktik,Religionslehre , Education |



